000
00242nam a2200097Ia 4500
005
20251222175818.0
008
251222s9999||||xx |||||||||||||| ||spa||
082
_a
DVD0070/S75E/1985
245
0
_a
El color púrpura:The color purple
942
_c
DVD
999
_c
40375
_d
40375